make the capital from the letter jumble - Statistics

General Stats
  • This quiz has been taken 28 times
  • The average score is 14 of 15
Answer Stats
Letter Jumble Capital % Correct
ripas paris
100%
airco cairo
96%
nilbud dublin
96%
hanava havana
96%
cowsmo moscow
96%
loso oslo
96%
more rome
96%
vike kiev
91%
nobils lisbon
91%
dolnon london
91%
fosia sofia
91%
tooky tokyo
91%
mail lima
87%
towata ottawa
87%
ercus sucre
74%
No matching quizzes found
Score Distribution
Percent of People with Each Score
Percentile by Number Answered
Your Score History
You have not taken this quiz